| 000 | 00715nam a2200265 a 4500 | ||
|---|---|---|---|
| 001 | 75932 | ||
| 003 | BD-RjUL | ||
| 005 | 20211209082750.0 | ||
| 008 | 190918s1962 nyu b 000 0 eng | ||
| 035 | _a(BD-RjUL)76151 | ||
| 035 | _a(OCoLC)250151 | ||
| 040 |
_aDLC _cODaWU _dOCoLC _dDLC _dBD-RjUL _beng |
||
| 041 | _aeng | ||
| 042 | _apremarc | ||
| 082 |
_223 _a658.15 _bSCC 1962 |
||
| 100 | 1 |
_aSchwartz, Eli. _9233011 |
|
| 245 | 1 | 0 |
_aCorporation finance / _cEli Schwartz |
| 260 |
_aNew York : _bSt Martin's Press, _c1962. |
||
| 300 |
_a370 p.: _c25 cm. |
||
| 504 | _aIncludes bibliography. | ||
| 650 | 0 |
_aCorporations _xFinance. _9233012 |
|
| 942 |
_2ddc _cBK |
||
| 999 |
_c75932 _d75932 |
||